00505nam a2200109Ia 4500008004100000050002200041100002600063245016800089260008600257300002900343521002300372140724s9999 xx 000 0 und d aP 91b.Ar668 2011 aArce, Mary Camille S. aEffectiveness of department of health's communication strategies used in promoting anti-smoking in Metro Manila :bBasis for a PR Campaign /cMary Camille S. Arce. aLas Piñas, Philippines :bSouthville International School and Colleges,cc2011. a102 p. :bill. ;c28 cm. aMass Communication